Word Ladder: Literary Quiz Stats

 Plays Quiz Updated Aug 21, 2012

Also try: 'The' Books
Challenge
Share
Tweet
Embed
Score 0/32 Timer 03:00
0 Plays Today
Word % Correct
JANE
94.6%
COIN
93.7%
JOIN
92.2%
JOHN
92%
LANE
90.6%
LONE
90.5%
MICK
90.1%
LICK
89.7%
LUCK
89.2%
MINK
83.9%
DICE
81.9%
DICK
80.7%
PURE
80.4%
LURE
79.6%
TIRE
79.3%
LORE
79.2%
Word % Correct
FIND
78.5%
MIND
74.4%
TORE
73.5%
CORN
72.3%
DIRE
71.7%
KING
66.6%
KONG
66.2%
KORN
61.3%
FINN
61.3%
PYRE
60.3%
TORY
49.7%
KORG
48.1%
EYRE
33.1%
MOBY
31.3%
HUCK
28%
TOBY
26.9%

Today's Daily Dose

You're not logged in!

Compare scores with friends on all Sporcle quizzes.
Join for Free
OR
Log In

You Might Also Like...

Show Comments

Extras

Top Quizzes Today


Score Distribution

Your Account Isn't Verified!

In order to create a playlist on Sporcle, you need to verify the email address you used during registration. Go to your Sporcle Settings to finish the process.

Report this User

Report this user for behavior that violates our Community Guidelines.

Details: